Les duos/trios d'Helena à la star academy - Statistiques

Statistiques générales
  • Ce quiz a été pris 224 fois
  • Le résultat moyen est 8 sur 19
Statistiques - réponses
Réponse % Correct
Pierre
97%
Lénie
94%
Julien
88%
Djebril
79%
Marie-Maud
74%
Charlotte Cardin
48%
Zara Larsson
38%
Grand Corps Malade
34%
Lara Fabian
33%
Loreen
33%
Hélène Ségara
32%
Santa
29%
Hoshi
24%
Patrick Bruel
21%
Jeanne Mas
20%
Anggun
19%
Héléna
13%
Houcine
13%
Sophie Ellis-Bextor
11%
Aucun quiz correspondant
Distribution des résultats
% des personnes avec chaque résultat
Percentile par nombre de réponses
Votre historique - résultats
Vous n’avez pas pris ce quiz